000 00893nam a2200325Ia 4500
003 OSt
005 20220912150428.0
006 a|||||r|||| 00| 0
007 ta
008 220909b |||||||| |||| 00| 0 eng d
020 _a0471360937 (hbd)
024 _a9842
037 _bAshutosh,
037 _cTextual
040 _aCSL
_beng
_cCSL
041 _aeng
082 _aB28:f, P2
100 _aAgresti Alan
245 0 _aCategorical data analysis
250 _a2
260 _aNew Jersey
_bJohn Wiley & Sons, Inc
_c2002
300 _axv, 710p
490 _aWiley series in probability and statistics
500 _aAppendix A-B, 632-654p; Bibliographical references 655-688p; Indexes 689-710p
650 _a Analysis
650 _a Data analysis
650 _aStatistics
942 _hB28:f, P2
_cTEXL
_2CC
999 _c47296
_d47296